00987nam a2200229 i 4500001000700000003000900007005001700016007000300033008004100036100002800077245012400105260003300229300004000262490005100302650006700353650007200420700004600492830005800538852002100596999001900617952012100636124414ES-MaACL20250812221038.0t|070326s1928 sp ||||1| spa d1 aGudeman, Alfred.96038610aHistoria de la antigua literatura latino-cristiana / cAlfred Gudeman ; traducida y ampliada por Pascual Galindo Romeo. aBarcelona : bLabor, c1928. a148 p., XVI p. de lám. ; c17 cm.1 aColección Labor. Ciencias literarias ; v15114aLiteratura cristiana primitiva-xHistoria y crítica.917231214aLiteratura latina medieval y moderna-yHistoria y crítica.9146341 aGalindo Romeo, Pascual,d1892-199095344610aColección Labor. pCiencias literariasv1519219011 aES-MaACLjE-2676 c124414d124414 00104070aATENEOMbATENEOMcDEPO2d2008-01-17eSCl0oE-2676p1129621r2023-02-23 00:00:00w2023-02-23yMONOGRAFIA